Oceanian Dictators - Statistics

General Stats
  • This quiz has been taken 30 times
    16 since last reset
  • The average score is 3 of 5
Answer Stats
Dictator Country % Correct
Frank Bainimarama Fiji
92%
Tuku’aho Tonga
92%
Kamehameha Kingdom Of Hawaii
58%
Malietoa Uilamatutu Samoa
50%
John Jones Nauru
25%
No matching quizzes found
Score Distribution
Percent of People with Each Score
Percentile by Number Answered
Your Score History
You have not taken this quiz since the last reset